000 00544nam a2200193 a 4500
001 3192
005 20140414131932.0
008 060202s19uu xx 00 eng d
020 _a1-55280-248-5
050 _aREF 590
_bG15 1995
100 _aGaneri, Anita
245 _aBizarre beasts :
_band other oddities of nature /
_cAnita Ganeri.
260 _bBig Face Books,
_c1995.
_aSingapore :
300 _a30 p. : ill. ; cm.
500 _aIncludes index
650 _aAnimals
_xMiscellanea
650 _aPlants
_xMiscellanea
999 _c112253
_d112253